Čo je psoriáza

Bibliographic Details
Main Author: Danilla, Tibor, 1943- (Author)
Format: Article
Language:Slovak
Subjects:

MARC

LEADER 00000nab a2200000 a 4500
001 vtls000300169
003 SK-MaSNL
005 20260302222432.0
008 220422c1987 xo 0 slo
015 |a SNBRB19rr/mm-uuuuu 
035 |a CL0310288 
040 |a SNKBUCL  |b slo  |c SNKBUCL  |e AACR2 
041 0 |a slo 
044 |a xo  |c SK 
080 |a 616.517  |2 1981 
100 1 |a Danilla, Tibor,  |d 1943-  |4 aut  |9 196738 
245 1 0 |a Čo je psoriáza  |c Tibor Danilla 
650 0 7 |a psoriáza  |2 snkbucl  |9 13681 
655 7 |a články z novín a časopisov  |2 snkbucl  |9 267496 
773 0 |t Zdravie  |g Roč. 43, č. 10 (1987), s. 13. 
850 |a Slovenská národná knižnica v Martine  |a MTA001 
852 |a SNK  |b KIS3GCP 
958 |a RK 
958 |a ME 
992 |a RBX 
999 |c 1516670  |d 1518600